Ultimos días coloniales en el Alto Perú: documentos inéditos de 1808 y 1809

Guardat en:
Dades bibliogràfiques
Autor principal: René-Moreno, Gabriel René (Autor)
Format: Llibre
Idioma:espanyol
Publicat: Buenos Aires W. M. Jackson 1945
Col·lecció:Colección Panamericana, 3
Matèries:
Etiquetes: Afegir etiqueta
Sense etiquetes, Sigues el primer a etiquetar aquest registre!

MARC

LEADER 00000nam a2200000 a 4500
001 UCZ7267
003 CL-VaPUC
008 951228e19450000AG |||||||||||||||||spa|d
082 0 4 |a 984  |b REN  |2 21 
100 0 |a René-Moreno, Gabriel René  |e author  |9 352054 
245 1 0 |a Ultimos días coloniales en el Alto Perú: documentos inéditos de 1808 y 1809 
300 |a 534 p 
942 |c BK 
945 |d 19951228 00:00:00  |a rleighto 
260 |a Buenos Aires  |b W. M. Jackson  |c 1945 
650 0 |a Epoca colonial   |9 352022 
650 0 |a Historia  |9 255047 
651 0 |a Perú  |9 256567 
583 |a last modification  |c 19951228 00:00:00  |k Rodrigo Vera 
490 0 |a Colección Panamericana, 3 
999 |c 243367  |d 243365 
952 |0 0  |1 0  |4 0  |6 984_000000000000000_REN_1945  |7 0  |8 A  |9 256966  |a BIBEDU  |b BIBEDU  |d 2019-11-19  |i 3165574  |o 984 REN 1945  |p 3165574  |r 2019-11-19  |w 2019-11-19  |y BK  |k LIT